000 00741nam a2200253Ia 4500
003 OSt
005 20220928113704.0
006 a|||||r|||| 00| 0
007 ta
008 220927b |||||||| |||| 00| 0 eng d
020 _cUSD 145.00
024 _a143802
037 _b245, 09/03/2020, Classic Book Service
_cTextual
040 _aSDCL
_cSDCL
_beng
041 _2eng
_aeng
082 _aY:45, Q8
100 _aLee Siu-Ping Ed.
_9434517
245 0 _aLegal and criminological psychology
260 _aNew York
_b Magnum
_c2018
300 _avii,305p.
_ccm.
650 _aApplied Psychology
942 _hY:45, Q8
_cTEXL
_2CC
999 _c750841
_d750841